UBT Library

Shqipja standarde : (Record no. 399)

000 -LEADER
fixed length control field 00569nam a22001937a 4500
008 - FIXED-LENGTH DATA ELEMENTS--GENERAL INFORMATION
fixed length control field 140128b xxu||||| |||| 00| 0 alb d
020 ## - INTERNATIONAL STANDARD BOOK NUMBER
International Standard Book Number 9789994316915
041 0# - LANGUAGE CODE
Language code of text/sound track or separate title alb
080 ## - UNIVERSAL DECIMAL CLASSIFICATION NUMBER
Universal Decimal Classification number 811.18'26
100 1# - Rafti
Rafti Memushaj, Rami
245 10 - TITLE STATEMENT
Title Shqipja standarde :
Statement of responsibility, etc Rami Memushaj.
250 ## -
-- Ribotim
260 ## -
-- Tiranë :
-- Toena,
-- 2008.
300 ## -
-- 256 f. ;
-- 21 cm.
500 ## -
-- Parathënie : f. [3]-4
500 ## -
-- Literatura : f. [255]-256
650 ## -
-- Gjuha shqipe
-- Përdorimi dhe pastërtia e gjuhës
942 ## - ADDED ENTRY ELEMENTS (KOHA)
Source of classification or shelving scheme
Item type Books
Holdings
Withdrawn status Lost status Source of classification or shelving scheme Damaged status Not for loan Collection code Permanent location Current location Shelving location Date acquired Inventory number Total Checkouts Barcode Date last seen Date last borrowed Koha item type
          Koleksioni i përgjithshem UBT - Prishtine UBT - Prishtine Koleksioni i përgjithshem 01/28/2014 811.18'26 MEM 3 001-000540 04/01/2014 04/01/2014 Books
UBT Library © 2015-2024. All rights reserved University Education for Business and Technology